Have you seen bugs? (Record no. 122415)

MARC details
000 -LÍDER
campo de controle de tamanho fixo 00598 a2200217 4500
001 - NÚMERO DE CONTROLE
campo de controle 122415
020 ## - ISBN - INTERNATIONAL STANDARD BOOK NUMBER
ISBN - International Standard Book Number 0590059637
040 ## - FONTE DA CATALOGAÇÃO
Instituição que transcreveu o registro Escola Canadense de Niteroi
090 ## - NÚMERO DE CHAMADA LOCAL
Número de chamada (OCLC) (R); Número de chamada, CALL (RLIN) (NR) H5 - OPP
100 ## - ENTRADA PRINCIPAL--NOME PESSOAL
Nome pessoal Oppenheim, Joanne
245 10 - TÍTULO
Título Have you seen bugs?
260 ## - PUBLICAÇÃO, DISTRIBUIÇÃO, ETC.
Local de publicação, distribuição, etc. New York
300 ## - DESCRIÇÃO FÍSICA
Extensão 31 p.
Dimensões 5 x 0.5 x 10.75 inches (hardcover)
362 0# - DATAS DE PUBLICAÇÃO E/OU DESIGNAÇÃO SEQUENCIAL
Datas de publicação e/ou designação sequencial 1997
520 ## - NOTA DE RESUMO, ETC
Resumo, etc. Describes in verse a variety of bugs and how they look, behave, and improve our lives.
650 #4 - ASSUNTO--TERMO TÓPICO
Cabeçalho tópico ou nome geográfico Children's Literature
650 #4 - ASSUNTO--TERMO TÓPICO
Cabeçalho tópico ou nome geográfico Bugs and Insects
650 #4 - ASSUNTO--TERMO TÓPICO
Cabeçalho tópico ou nome geográfico Non-Fiction
650 #4 - ASSUNTO--TERMO TÓPICO
Cabeçalho tópico ou nome geográfico Animal Facts
942 ## - ELEMENTOS DE ENTRADA ADICIONADOS (KOHA)
Tipo de material Koha Livros
Holdings
Situação do descarte Situação das perdas Situação física Não pode ser emprestado Biblioteca de origem Biblioteca atual Data de aquisição Total de empréstimos Número de chamada completo Código de barras Data de último acesso Data do preço efetivo Tipo de material Koha
        Canadian School of Niterói - Piratininga Canadian School of Niterói - Piratininga 09/02/2024   H5 - OPP A11013 09/02/2024 09/02/2024 Livros